Statistiques concernant Culture Générale - Série 420

Cliquez ici pour prendre le quiz!

Statistiques générales

  • Ce quiz a été pris 468 fois
  • Le résultat moyen est 8 sur 10

Statistiques - réponses

QuestionRéponse% Correct
De quel pays est originaire le vin appelé Porto ?Le Portugal
97%
Combien d'ailes possède une libellule ?Quatre
97%
Dans quelle saga cinématographique croise-t-on Frodon Sacquet, Gollum et Aragorn ?Le Seigneur des anneaux
88%
Quelle mer borde la France, le Royaume-Uni, l'Allemagne et la Belgique ?La mer du Nord
87%
Dans un commissariat, que signifie le sigle P.J. ?Police judiciaire
81%
Quel océan se trouve au nord de l'Alaska ?L'océan Arctique
80%
Dans quelle saga cinématographique Keanu Reeves incarne-t-il Neo ?Matrix
77%
Dans une chanson de Line Renaud, quel type d'habitation est blottie au fond des bois... au Canada ?Une cabane
74%
Quel légume est le "Coco de Paimpol" ?Un haricot blanc
53%
A quel philosophe allemand doit-on l'oeuvre "Ainsi parlait Zarathoustra" ?Friedrich Nietzsche
42%

Distribution des résultats

Percentile par nombre de réponses

% des personnes avec chaque résultat

Votre développement - résultats

Vous n’avez pas pris ce quiz